| 000 | 00383nam a2200145Ia 4500 | ||
|---|---|---|---|
| 008 | 151213s9999 xx 000 0 und d | ||
| 100 | _aPhilip Mollett | ||
| 245 |
_aJohn Donne : Selected Poems _cPhilip Mollett |
||
| 260 |
_aEngland _bLongman _c1983 |
||
| 300 | _a1850 p. | ||
| 650 | _aEnglish Literature | ||
| 650 | _aEnglish Literature | ||
| 700 | _aPhilip Mollett | ||
| 999 |
_c1355 _d1355 |
||